Curso completo de pintura y dibujo. Técnicas secas v.3

Bibliographic Details
Main Author: Parramón Vilasaló, José María
Format: Section = Libro
Language:Undetermined
Spanish
Published: España Parramón 2000
Edition:6a.ed.
Subjects:
LEADER 00629nam a2200229Ia 4500
008 240829s9999 xx 000 0 und d
020 |a 84-342-1344-3 
040 |a BIBLIOTECA-RUSB/ Ref 750 P258 
041 |a spa 
082 |a Ref 750 P258 
100 1 |a Parramón Vilasaló, José María 
245 1 0 |a Curso completo de pintura y dibujo. Técnicas secas v.3 
250 |a 6a.ed. 
260 |a España  |b Parramón  |c 2000 
300 |a 125 p. :il. 
650 7 |a PINTURA 
650 7 |b  PINTURA AL OLEO 
650 7 |c  HARMONIZACION DEL CALOR 
650 7 |d  PINTURA IMPRESIONISTA 
942 |c BK  |2 ddc 
991 |a TEXTO 
999 |c 6650